• 首页
  • 本馆介绍
  • 公告通知
  • 最新文献
  • 馆藏检索
  • 电子资源
  • 读者导购
  • 参考咨询
  • 我的图书馆
  • 登录
  • 详细信息显示
  • 放入我的书架
  • 预约/预借图书
  • 作者相关作品
  • 分类相关作品
  • 丛书相关作品
  • 出版社相关作品

书目信息

  • 表格格式
  • 工作单格式
  • 卡片格式
题名:
合作金融思想学说史
    
 
作者: 岳志 著
分册:  
出版信息: 上海   上海世纪出版股份有限公司远东出版社  2017
页数: 242页
开本: 24cm
丛书名:
单 册:
中图分类: F831.9
科图分类:
主题词: 合作金融--经济思想史--研究--世界
电子资源:
ISBN: 978-7-5476-1224-8
000 00810nam0 2200229 45
001 012001005606
005 20080820120104.0
010    @a978-7-5476-1224-8@dCNY49.00
100    @a20170328d2017 em y0chiy50 ea
101 0  @achi
102    @aCN@b310000
105    @ay z 000yy
106    @ar
200 1  @a合作金融思想学说史@9he zuo jin rong si xiang xue shuo shi@f岳志著@9zuo Jin Rong Si Xiang Xue Shi@PZJRSXXS@FYue Zhi Zhu
210    @a上海@c上海世纪出版股份有限公司远东出版社@d2017
215    @a242页@d24cm
330    @a本书从合作金融的起源论起,将合作金融学说在中国的理论发展与实践探索按照历史的发展脉络进行了梳理。
606 0  @a合作金融@x经济思想史@x研究@y世界
690    @aF831.9@v5
701  0 @a岳志@9yue zhi@f(1958-)@4著
801  0 @aCN@b上海新华@c20181010
905    @b1174626-30@dF831.9@e70@f5
    
    合作金融思想学说史/岳志著.-上海:上海世纪出版股份有限公司远东出版社,2017
    242页;24cm
    
    
    ISBN 978-7-5476-1224-8:CNY49.00
    本书从合作金融的起源论起,将合作金融学说在中国的理论发展与实践探索按照历史的发展脉络进行了梳理。
●
相关链接 在E读中查询图书 在五车中查询图书 在当当中查询图书 在豆瓣中查询图书


正题名:合作金融思想学说史     索取号:F831.9/70         预约/预借

序号 登录号 条形码 馆藏地/架位号 状态 备注
1 1174626   211746262   第一样本阅览室/ [索取号:F831.9/70] 在馆    
2 1174627   211746271   密集书库-海洋学院/ [索取号:F831.9/70] 在馆    
3 1174628   211746280   第一借阅区/ [索取号:F831.9/70] 在馆    
4 1174629   211746299   第一借阅区/ [索取号:F831.9/70] 在馆    
5 1174630   211746306   第一借阅区/ [索取号:F831.9/70] 在馆    
唐山师范学院图书馆 欢迎您!
大连网信软件有限公司© 版权所有